01612 2200409 4500001002100000005001500021035002000036007000300056008004100059020002200100040002200122082001700144084001900161090002200180100004000202245030500242250003600547300004000583650002500623700003500648700004300683700004200726700004300768700004100811700004400852700003300896700003700929700004000966850001201006504003401018264003201052336002101084337003001105338002301135999002201158990002201180INLIS00000000089182020241211102642 a0010-1224000367ta241211s2024 yoia g ind d a978-623-02-9206-4 aYOPDYOGbinderda04223a615.1068 a615.1068 IGU m aCB-D.11 2024-35603 aI Gusti Ayu Rai Widowatiepengarang10aManajemen farmasi untuk apotek komunitas /cI Gusti Ayu Rai Widowati, Ketut Agus Adrianta, Ida Ayu Manik Partha Sutema, Ida Bagus Nyiman Maharjana, Ni putu Aryati Suryaningsih, Dewa Ayu Putu Satrya Dewi, Dhiancinantyan Windydaca B.P, Ni Putu Windydaca, Kadek Hendra Darmawan, I Putu Tangkas Suwantara aCetakan pertama, September 2024 axiv, 132 halaman :bgambar ;c23 cm 4aFarmasi--xManajemen3 aKetut Agus Adriantaepengarang3 aIda Ayu Manik Partha Sutemaepengarang3 aIda Bagus Nyiman Maharjanaepengarang3 aNi putu Aryati Suryaningsihepengarang3 aDewa Ayu Putu Satrya Dewiepengarang0 aDhiancinantyan Windydaca B.Pepengarang3 aNi Putu Windydacaepengarang3 aKadek Hendra Darmawanepengarang3 aI Putu Tangkas Suwantaraepengarang aYOPDYOG aBibliografi : halaman 122-12731aSleman :bDeepublish,c2024 2rdacontentateks 2rdamediaatanpa perantara 2rdacarrieravolume aCB-D.11/2024-3560 aCB-D.11/2024-3560